000 00432nmm a2200157Ia 4500
008 251105s9999||||xx |||||||||||||||||und||
020 _a9788498384833
041 _aspa
100 _aNesi, Edoardo
245 0 _aUna vida sin ayer
264 _a[Madrid, España] :
_bEdiciones Salamandra,
_c2013
300 _a160 páginas
650 _aOther narratives
856 _uhttps://public.digitaliapublishing.com/a/48221
942 _cCF
999 _c91729
_d91729